Catálogo

Santiago Apóstol : (Registro nro. 65008)

Detalles MARC
000 -LEADER
fixed length control field 01259cam a2200325 i 4500
001 - CONTROL NUMBER
control field 65008
003 - CONTROL NUMBER IDENTIFIER
control field Mx-PuUPA
005 - DATE AND TIME OF LATEST TRANSACTION
control field 20210403215357.0
008 - FIXED-LENGTH DATA ELEMENTS--GENERAL INFORMATION
fixed length control field 050523s2002 mx abf r 000 0 spa d
020 ## - INTERNATIONAL STANDARD BOOK NUMBER
International Standard Book Number 9686255680
040 ## - CATALOGING SOURCE
Original cataloging agency Mx-PuUPA
Language of cataloging spa
Transcribing agency Mx-PuUPA
Modifying agency Mx-PuUPA
Description conventions rda
041 0# - LANGUAGE CODE
Language code of text/sound track or separate title spa
100 1# - MAIN ENTRY--PERSONAL NAME
Personal name Cardaillac, Louis,
9 (RLIN) 10272
Relator term autor
245 10 - TITLE STATEMENT
Title Santiago Apóstol :
Remainder of title el Santo de los dos mundos /
Statement of responsibility, etc. Louis Cardaillac ; prólogo de José María Muriá
250 ## - EDITION STATEMENT
Edition statement Primera edición
264 #4 - PRODUCTION, PUBLICATION, DISTRIBUTION, MANUFACTURE, AND COPYRIGHT NOTICE
Place of production, publication, distribution, manufacture Zapopan, Jalisco, México :
Name of producer, publisher, distributor, manufacturer El Colegio de Jalisco,
Date of production, publication, distribution, manufacture, or copyright notice 2002
300 ## - PHYSICAL DESCRIPTION
Extent 371 páginas, xxxii páginas de láminas, 4 hojas de mapas plegadas sin numerar :
Other physical details ilustraciones, mapas, láminas ;
Dimensions 23 cm
336 ## - CONTENT TYPE
Fuente rdacontent
Content type term texto
Content type code txt
337 ## - MEDIA TYPE
Source rdamedia
Media type term sin medio
Media type code n
338 ## - CARRIER TYPE
Source rdacarrier
Carrier type term volumen
Carrier type code nc
600 14 - SUBJECT ADDED ENTRY--PERSONAL NAME
Personal name Santiago,
Titles and other words associated with a name Apostol
600 14 - SUBJECT ADDED ENTRY--PERSONAL NAME
Personal name Santiago
Titles and other words associated with a name El Mayor Santo
General subdivision Culto
Geographic subdivision España
General subdivision Historia
651 #4 - SUBJECT ADDED ENTRY--GEOGRAPHIC NAME
Geographic name España
General subdivision Vida religiosa y costumbres
651 #4 - SUBJECT ADDED ENTRY--GEOGRAPHIC NAME
Geographic name América Latina
General subdivision Vida religiosa y costumbres
700 1# - ADDED ENTRY--PERSONAL NAME
Personal name Muriá, José María,
Relator term prologuista
942 ## - ADDED ENTRY ELEMENTS (KOHA)
Source of classification or shelving scheme Dewey Decimal Classification
Koha item type Libro
Classification part 235.2
Item part C257
Existencias
Withdrawn status Lost status Source of classification or shelving scheme Damaged status Not for loan Collection code Home library Current library Shelving location Date acquired Source of acquisition Total Checkouts Full call number Barcode Date last seen Price effective from Koha item type
    Dewey Decimal Classification     General Biblioteca Karol Wojtyla Biblioteca Karol Wojtyla Sala general 03/12/2013 Donación   235.2 C257 2002 49700 05/01/2026 03/12/2013 Libro